The rural non-farm economy : processes and policies
Αποθηκεύτηκε σε:
| Κύριος συγγραφέας: | |
|---|---|
| Συλλογικό Έργο: | , |
| Μορφή: | Βιβλίο |
| Γλώσσα: | English |
| Δημοσίευση: |
Geneva :
International Labour Office,
c1992
|
| Θέματα: | |
| Ετικέτες: |
Προσθήκη ετικέτας
Δεν υπάρχουν, Καταχωρήστε ετικέτα πρώτοι!
|
MARC
| LEADER | 00000nam a2200000 i 4500 | ||
|---|---|---|---|
| 001 | 1/15202 | ||
| 008 | 010110s1992 eng d | ||
| 020 | |a 92-2-107750-0 | ||
| 035 | |l 10065303 | ||
| 040 | |a GR-MY-UA |b gre |e aacr | ||
| 041 | 0 | |a eng | |
| 082 | 0 | |a 338.091734 | |
| 100 | 1 | |a Saith, Ashwani. | |
| 110 | 2 | |a International Labour Office. | |
| 245 | 1 | 4 | |a The rural non-farm economy : |b processes and policies / |c Ashwani Saith |
| 260 | |a Geneva : |b International Labour Office, |c c1992 | ||
| 300 | |a 121 p. | ||
| 504 | |a Bibliography: p. 115-121 | ||
| 650 | 0 | 0 | |a Rural poor |z Developing countries. |
| 650 | 0 | 0 | |a Rural development |z Developing countries. |
| 651 | 0 | |a Developing countries |x Economic conditions |x Regional disparities. | |
| 710 | 1 | |a World Employment Programme. | |
| 852 | |a INST |b LESVOS |e 20010110 |h 338.091734 SAI |p 005100028998 |q 005100028998 |t BK |y 0 | ||
| 901 | |a BIBL1-2001-1 | ||
| 909 | |a Λ |b 084297 | ||
| 922 | |a 1ΕΛΗ |b 200012 |c ΤΑΚ/ΤΓ |d ΜΙΧΑΛΟΠΟΥΛΟΣ | ||
| 950 | |a 118-1999-09-20 | ||
| 970 | |a ΤΖΑΦΕΡΗ |b ΕΥΑΓΓΕΛΙΑ |z 2001/04/03 | ||